Toutes les communes de la Drôme sur une carte - Statistiques

Statistiques générales
  • Ce quiz a été pris 1 540 fois
  • Le résultat moyen est 54 sur 364
Réponses sur la Carte
Les réponses sont colorées sur une échelle allant du rouge au vert en fonction du pourcentage des utilisateurs qui les ont devinées à leur premier essai. Vous pouvez retrouver ces pourcentages ci-dessous.
 
Statistiques - réponses
Population Commune % Correct
64 726 Valence
96%
39 415 Montélimar
91%
33 160 Romans-sur-Isère
82%
19 889 Bourg-lès-Valence
79%
4 665 Die
79%
8 629 Crest
66%
6 782 Nyons
63%
409 Portes-en-Valdaine
62%
10 666 Portes-lès-Valence
62%
6 605 Loriol-sur-Drôme
59%
6 131 Tain-l'Hermitage
56%
9 149 Livron-sur-Drôme
55%
1 827 Saint-Paul-lès-Romans
55%
8 836 Saint-Paul-Trois-Châteaux
55%
1 337 Châtillon-Saint-Jean
54%
13 452 Pierrelatte
53%
100 Châteauneuf-de-Bordette
51%
1 820 Châteauneuf-de-Galaure
51%
2 724 Châteauneuf-du-Rhône
51%
3 909 Châteauneuf-sur-Isère
51%
10 007 Bourg-de-Péage
49%
1 290 Saint-Marcel-lès-Sauzet
48%
6 302 Saint-Marcel-lès-Valence
48%
6 869 Chabeuil
46%
2 819 Saint-Jean-en-Royans
45%
3 937 Saint-Vallier
42%
5 505 Étoile-sur-Rhône
40%
3 199 Dieulefit
39%
1 564 Grignan
39%
106 Beaumont-en-Diois
36%
3 815 Beaumont-lès-Valence
36%
1 321 Beaumont-Monteux
36%
6 641 Saint-Rambert-d'Albon
36%
5 877 Donzère
34%
383 Saint-Martin-d'Août
34%
362 Saint-Martin-en-Vercors
34%
198 Saint-Martin-le-Colonel
34%
808 Saint-Nazaire-en-Royans
34%
199 Saint-Nazaire-le-Désert
34%
2 503 Alixan
33%
534 Luc-en-Diois
32%
4 212 Saint-Donat-sur-l'Herbasse
31%
1 891 Hauterives
30%
2 508 Allex
29%
2 305 Buis-les-Baronnies
29%
666 Châtillon-en-Diois
29%
4 206 Montélier
29%
713 La Chapelle-en-Vercors
28%
1 321 Saillans
28%
568 Saou
28%
152 Saint-Julien-en-Quint
26%
233 Saint-Julien-en-Vercors
26%
1 520 Upie
26%
666 Bourdeaux
25%
2 537 Aouste-sur-Sye
24%
1 943 Grane
24%
1 322 Marsanne
24%
3 538 Pont-de-l'Isère
24%
5 618 Chatuzange-le-Goubet
23%
3 333 La Roche-de-Glun
23%
1 806 Montéléger
23%
320 Vassieux-en-Vercors
23%
4 047 Anneyron
22%
542 Lus-la-Croix-Haute
22%
2 929 Montmeyran
22%
234 Suze
22%
2 135 Suze-la-Rousse
22%
1 965 Albon
21%
1 737 Allan
21%
421 La Motte-Chalancon
21%
794 La Motte-de-Galaure
21%
193 La Motte-Fanjas
21%
3 217 Malissard
21%
1 595 Beauvallon
20%
1 287 Chantemerle-les-Blés
20%
242 Chantemerle-lès-Grignan
20%
128 Le Poët-Célard
20%
1 585 Mirabel-aux-Baronnies
20%
1 133 Mirabel-et-Blacons
20%
1 849 Saulce-sur-Rhône
20%
1 346 Andancette
19%
1 933 Montoison
19%
3 210 Mours-Saint-Eusèbe
19%
1 863 Saint-Barthélemy-de-Vals
19%
155 Saint-Laurent-d'Onay
19%
1 432 Saint-Laurent-en-Royans
19%
356 Barcelonne
18%
1 360 Eurre
18%
1 112 La Garde-Adhémar
18%
2 066 Malataverne
18%
1 831 Sauzet
18%
1 462 Savasse
18%
668 Crozes-Hermitage
17%
813 Érôme
17%
447 La Baume-Cornillane
17%
904 La Baume-de-Transit
17%
576 La Baume-d'Hostun
17%
51 Léoncel
17%
584 Mirmande
17%
606 Peyrus
17%
2 064 Saint-Uze
17%
556 Saint-Vincent-la-Commanderie
17%
552 Gervans
16%
1 216 Laveyron
16%
2 690 Peyrins
16%
1 Rochefourchat
16%
1 356 Ancône
15%
1 090 Barbières
15%
879 Cléon-d'Andran
15%
2 393 Génissieux
15%
992 Hostun
15%
1 144 La Coucourde
15%
2 706 Mercurol-Veaunes
15%
1 195 Montvendre
15%
792 Saint-Maurice-sur-Eygues
15%
1 656 Taulignan
15%
2 003 Tulette
15%
473 Beaufort-sur-Gervanne
14%
1 429 Beausemblant
14%
1 082 Chanos-Curson
14%
907 Charmes-sur-l'Herbasse
14%
1 468 Charpey
14%
553 Crépol
14%
660 Divajeu
14%
918 Granges-les-Beaumont
14%
3 La Bâtie-des-Fonds
14%
1 026 La Bâtie-Rolland
14%
1 661 La Bégude-de-Mazenc
14%
888 Lens-Lestang
14%
2 385 Montboucher-sur-Jabron
14%
334 Rémuzat
14%
575 Saint-Michel-sur-Savasse
14%
2 261 Saint-Sorlin-en-Valloire
14%
600 Saint-Thomas-en-Royans
14%
214 Bouvante
13%
566 Bren
13%
1 525 Épinouze
13%
16 Le Poët-en-Percip
13%
942 Le Poët-Laval
13%
127 Le Poët-Sigillat
13%
1 031 Les Tourrettes
13%
859 Marches
13%
1 137 Margès
13%
886 Puy-Saint-Martin
13%
359 Rochefort-en-Valdaine
13%
1 012 Rochefort-Samson
13%
418 Saint-Christophe-et-le-Laris
13%
727 Serves-sur-Rhône
13%
627 Valaurie
13%
145 Valdrôme
13%
466 Vercheny
13%
106 Ambonil
12%
2 047 Clérieux
12%
627 Cliousclat
12%
435 Combovin
12%
914 Le Grand-Serre
12%
72 Omblèze
12%
1 059 Saint-Gervais-sur-Roubion
12%
1 238 Bésayes
11%
868 Claveyson
11%
1 067 Larnage
11%
439 Montbrun-les-Bains
11%
148 Plan-de-Baix
11%
284 Rousset-les-Vignes
11%
366 Saint-Agnan-en-Vercors
11%
584 Vaunaveys-la-Rochette
11%
1 073 Vinsobres
11%
736 Chabrillan
10%
577 Châteaudouble
10%
1 101 Espeluche
10%
1 034 Eymeux
10%
859 Piégros-la-Clastre
10%
173 Pontaix
10%
308 Saint-Avit
10%
29 Saint-Benoit-en-Diois
10%
546 Sainte-Eulalie-en-Royans
10%
863 Beauregard-Baret
9%
130 Chamaloc
9%
934 Charols
9%
896 Jaillans
9%
754 La Laupie
9%
1 219 Lapeyrouse-Mornay
9%
664 Manthes
9%
678 Moras-en-Valloire
9%
531 Ponsas
9%
670 Pont-de-Barret
9%
191 Romeyer
9%
366 Roussas
9%
312 Sainte-Jalle
9%
1 401 Saint-Restitut
9%
211 Saint-Roman
9%
390 Soyans
9%
49 Aleyrac
8%
144 Boulc
8%
722 Chavannes
8%
536 Clansayes
8%
71 Cornillon-sur-l'Oule
8%
160 Fay-le-Clos
8%
208 Gigors-et-Lozeron
8%
236 Lachau
8%
117 Laval-d'Aix
8%
731 Marsaz
8%
1 330 Montségur-sur-Lauzon
8%
469 Mureils
8%
260 Ourches
8%
393 Réauville
8%
1 610 Rochegude
8%
613 Saint-Bardoux
8%
431 Saint-Pantaléon-les-Vignes
8%
55 Saint-Sauveur-en-Diois
8%
182 Saint-Sauveur-Gouvernet
8%
192 Salles-sous-Bois
8%
261 Séderon
8%
696 Venterol
8%
246 Aurel
7%
244 Bathernay
7%
472 Bonlieu-sur-Roubion
7%
1 530 Bouchet
7%
145 Bouvières
7%
58 Chalancon
7%
531 Chamaret
7%
164 Cobonne
7%
549 Colonzelle
7%
149 Comps
7%
148 Eyzahut
7%
82 Félines-sur-Rimandoule
7%
118 Glandage
7%
31 La Chaudière
7%
239 La Répara-Auriples
7%
653 Les Granges-Gontardes
7%
533 Menglon
7%
1 063 Mollans-sur-Ouvèze
7%
76 Montfroc
7%
689 Montmiral
7%
527 Oriol-en-Royans
7%
126 Ponet-et-Saint-Auban
7%
446 Puygiron
7%
268 Ratières
7%
265 Recoubeau-Jansac
7%
458 Roche-Saint-Secret-Béconne
7%
486 Roynac
7%
310 Sahune
7%
106 Sainte-Croix
7%
266 Saint-Ferréol-Trente-Pas
7%
37 Saint-May
7%
585 Triors
7%
1 017 Valherbasse
7%
249 Vesc
7%
588 Arthémonay
6%
119 Autichamp
6%
68 Beaurières
6%
493 Condorcet
6%
100 Crupies
6%
191 Francillon-sur-Roubion
6%
715 Geyssans
6%
168 La Roche-sur-Grane
6%
40 Le Chaffal
6%
56 Lesches-en-Diois
6%
242 Les Pilles
6%
192 Manas
6%
582 Montchenu
6%
694 Parnans
6%
38 Pennes-le-Sec
6%
83 Saint-Andéol
6%
212 Saint-Auban-sur-l'Ouvèze
6%
431 Solaure en Diois
6%
327 Solérieux
6%
99 Souspierre
6%
365 Tersanne
6%
47 Véronne
6%
18 Villefranche-le-Château
6%
112 Villeperdrix
6%
419 Aubres
5%
68 Barret-de-Lioure
5%
139 Barsac
5%
87 Bellegarde-en-Diois
5%
140 Condillac
5%
88 Cornillac
5%
189 Curnier
5%
53 Échevis
5%
176 Espenel
5%
72 Eygluy-Escoulin
5%
126 Ferrassières
5%
66 La Rochette-du-Buis
5%
255 La Touche
5%
366 Le Pègue
5%
217 Marignac-en-Diois
5%
54 Miscon
5%
277 Montbrison-sur-Lez
5%
189 Montclar-sur-Gervanne
5%
330 Montjoux
5%
121 Rochebaudin
5%
125 Rochechinard
5%
48 Saint-Dizier-en-Diois
5%
141 Salettes
5%
60 Verclause
5%
23 Arnayon
4%
77 Aubenasson
4%
11 Aulan
4%
199 Barnave
4%
71 Bellecombe-Tarendol
4%
38 Brette
4%
25 Eyroles
4%
28 Jonchères
4%
31 La Charce
4%
211 Le Chalon
4%
50 Lemps
4%
226 Mérindol-les-Oliviers
4%
235 Mévouillon
4%
119 Montauban-sur-l'Ouvèze
4%
283 Montjoyer
4%
144 Montlaur-en-Diois
4%
85 Montmaur-en-Diois
4%
22 Montréal-les-Sources
4%
73 Mornans
4%
251 Piégon
4%
213 Pierrelongue
4%
203 Plaisians
4%
6 Pommerol
4%
71 Poyols
4%
133 Propiac
4%
81 Teyssières
4%
118 Truinas
4%
34 Vachères-en-Quint
4%
40 Vers-sur-Méouge
4%
78 Arpavon
3%
16 Aucelon
3%
86 Ballons
3%
148 Beauvoisin
3%
70 Bénivay-Ollon
3%
68 Bézaudun-sur-Bîne
3%
28 Charens
3%
41 Chastel-Arnaud
3%
58 Chaudebonne
3%
41 Chauvac-Laux-Montaux
3%
26 Establet
3%
88 Eygalayes
3%
109 Eygaliers
3%
20 Gumiane
3%
11 Izon-la-Bruisse
3%
100 Laborel
3%
93 La Penne-sur-l'Ouvèze
3%
285 La Roche-sur-le-Buis
3%
27 Les Tonils
3%
84 Montaulieu
3%
29 Montferrand-la-Fare
3%
47 Montguers
3%
40 Orcinas
3%
26 Pelonne
3%
18 Pradelle
3%
145 Reilhanette
3%
26 Rimon-et-Savel
3%
25 Rioms
3%
58 Rochebrune
3%
22 Rottier
3%
72 Sainte-Euphémie-sur-Ouvèze
3%
53 Val-Maravel
3%
37 Valouse
3%
139 Vercoiran
3%
15 Villebois-les-Pins
3%
33 Volvent
3%
83 Bésignan
2%
23 Les Prés
2%
24 Roussieux
2%
Aucun quiz correspondant
Distribution des résultats
% des personnes avec chaque résultat
Percentile par nombre de réponses
Votre historique - résultats
Vous n’avez pas pris ce quiz